Khảo sát ảnh hưởng của chất xúc tác đến năng lượng hoạt hóa của phản ứng phân hủy calcium hypochlorite Ca(OCl)2
Tổng quan các vấn đề nghiên cứu. Phương pháp tiến hành. Kết quả và bàn luận về khảo sát ảnh hưởng của chất xúc tác đến năng lượng hoạt hóa của phản ứng phân hủy calcium hypochlorite Ca(OCl)2
Đã lưu trong:
| 主要作者: | |
|---|---|
| 其他作者: | |
| 格式: | 圖書 |
| 語言: | Vietnamese |
| 出版: |
Đại học Đà Nẵng
Trường đại học Sư Phạm
2011
|
| 叢編: | Khóa luận tốt nghiệp đại học. Chuyên ngành: Sư phạm hóa
|
| 主題: | |
| 標簽: |
添加標簽
沒有標簽, 成為第一個標記此記錄!
|
| Thư viện lưu trữ: | Mạng thư viện Đại học Đà Nẵng |
|---|
| LEADER | 01597nam a2200349 4500 | ||
|---|---|---|---|
| 001 | 000012509 | ||
| 003 | 8812 | ||
| 005 | 20120221140216.0 | ||
| 008 | 120221s2011 viesd | ||
| 041 | |a vie | ||
| 072 | |a Khóa luận tốt nghiệp | ||
| 082 | |a 546.7 |b LE-N | ||
| 100 | |a Lê, Thị Nga | ||
| 245 | |a Khảo sát ảnh hưởng của chất xúc tác đến năng lượng hoạt hóa của phản ứng phân hủy calcium hypochlorite Ca(OCl)2 |c Lê, Thị Nga | ||
| 260 | |a Đại học Đà Nẵng |b Trường đại học Sư Phạm |c 2011 | ||
| 300 | |a 47 tr. |c 29 cm | ||
| 490 | |a Khóa luận tốt nghiệp đại học. Chuyên ngành: Sư phạm hóa | ||
| 500 | |a Tham khảo tr.cuối | ||
| 520 | |a Tổng quan các vấn đề nghiên cứu. Phương pháp tiến hành. Kết quả và bàn luận về khảo sát ảnh hưởng của chất xúc tác đến năng lượng hoạt hóa của phản ứng phân hủy calcium hypochlorite Ca(OCl)2 | ||
| 653 | |a Khóa luận tốt nghiệp đại học | ||
| 653 | |a Khoa Hóa học | ||
| 700 | |a Phạm, Hữu Hùng |c Th.S |e Hướng dẫn | ||
| OWN | |a LSP | ||
| AVA | |a UDN50 |b LSP |d 546.7 LE-N |e available |t Error 5001 Not defined in file expand_doc_bib_avail. |f 1 |g 0 |h N |i 0 |k 1 | ||
| 999 | |a From the UDN01 | ||
| AVA | |a UDN50 |b LSP |d 546.7 LE-N |e available |t Error 5001 Not defined in file expand_doc_bib_avail. |f 1 |g 0 |h N |i 0 |k 1 | ||
| TYP | |a Monograph | ||
| TYP | |a Printed language | ||
| 980 | |a Mạng thư viện Đại học Đà Nẵng | ||